01529nam a2200265Ia 450000500170000000800410001702000150005804100080007310000340008124500410011525000250015626400360018130000260021733600270024333700330027033800280030349000470033152007210037865000240109965000280112365000270115165000380117804000350121608400120125120220316235351.0121119s2003 sp gr 000 0 spa  a84206385010 aspa1 aCarpentier, Alejo,d1904-198014aLos pasos perdidoscAlejo Carpentier aQuinta reimpresión 1aMadridbAlianza editorialc2003 a284 páginasc17 cm. atextobtxt2rdacontent asin mediaciónbn2rdamedia avolumenbnc2rdacarrier0 aEl libro de bolsillo : biblioteca de autor3 aPieza magistral de la narrativa latinoamericana y perfecta ilustración del concepto de «lo real maravilloso», Los pasos perdidos, publicada en 1953, inauguró el periodo de plenitud creadora de la obra de Alejo Carpentier (1904-1980). Inspirado en experiencias personales vividas por el autor en el interior de Venezuela, el viaje del anónimo protagonista de la novela ­que le lleva a remontar el Orinoco hasta el interior de la selva en busca de un primitivo instrumento musical­ se revela asimismo como un retroceso en el tiempo, a través de las etapas históricas más significativas de América, hasta los mismos orígenes, hasta la época de las primeras formas y de la invención del lenguaje.142LEMBaNovela cubana142LEMBaLiteratura cubana142LEMBaMúsica popular142LEMBaProstitución en el teatro aCO-BoRNBPbspaerdacCO-BoRNBP aN CAR1